000
00324nam a22001457a 4500
008
221115b ||||| |||| 00| 0 eng d
020
_a
9780684803821
041
_a
eng
080
_a
616.8
082
_a
616.8 LED
100
_a
11.2
101
_a
TRURI
245
_a
THE EMOTIONAL BRAIN
_c
LEDOUX JOSEPH
942
_2
udc
_c
BK
999
_c
58905
_d
58905